Manchester United - Strzelcy Bramek w LM (2010-2019) - Statystyki

Ogólne statystyki
  • Ten quiz został rozwiązany 81 razy
  • Średni wynik to 14 z 30
Statystyki odpowiedzi
Bramki Narodowość Zawodnik % Poprawnych
15 Anglik Wayne Rooney
99%
4 Ekwadorczyk Antonio Valencia
87%
7 Belg Romelu Lukaku
86%
7 Holender Robin van Persie
80%
7 Meksykanin Javier Hernandez
77%
2 Koreańczyk Park Ji-sung
73%
2 Walijczyk Ryan Giggs
73%
1 Bułgar Dimitar Berbatov
70%
5 Anglik Marcus Rashford
64%
1 Serb Nemanja Vidic
64%
4 Portugalczyk Nani
61%
4 Francuz Anthony Martial
59%
1 Anglik Paul Scholes
56%
2 Francuz Paul Pogba
54%
2 Belg Marouane Fellaini
50%
1 Ormianin Henrikh Mkhitaryan
46%
1 Anglik Michael Carrick
46%
1 Francja Patrice Evra
43%
2 Hiszpan Juan Mata
41%
3 Szkot Darren Fletcher
31%
2 Irlandczyk Płn Jonny Evans
31%
3 Brazylijczyk Anderson
29%
1 Holender Daley Blind
23%
1 Holender Memphis Depay
23%
4 Anglik Danny Welbeck
21%
2 Anglik Phil Jones
20%
2 Anglik Chris Smalling
17%
1 Anglik Ashley Young
16%
2 Irlandczyk Darron Gibson
4%
1 Francuz Gabriel Obertan
3%
Nie znaleziono quizów pasujących do podanych kryteriów
Rozkład punktacji
Procent ludzi z każdym wynikiem
Percentyl według liczby udzielonych odpowiedzi
Twoja historia wyników
Nie rozwiązałeś tego quizu